Informačný manažment (informácie - fenomén evolúcie ľudstva)

Bibliographic Details
Main Author: Váňa, Jan (Author)
Format: Book
Language:Slovak
PhysicalDescription:287 s. ilustr., sch., tab. 2017
Published: Bratislava Akadémia Policajneho zboru 2017
ISBN:9788080547370
Edition:1. vyd.
Subjects:

MARC

LEADER 00000cam a2200000 a 4500
001 vtls011724702
003 SK-MaSNL
005 20260302054000.0
008 240318s2017 xo al g n 001 0 slo
015 |a SNBA2018/04 
020 |a 9788080547370  |q (brož.) 
035 |a urn:nbn:sk:snk-am00dfha 
035 |a urn:nbn:sk:snk-am3i0hm 
035 |a 8661ED23-1128-4F79-A4D9-B83025ACB68B 
040 |a SNK  |b slo  |c SNK  |e AACR2 
041 0 |a slo  |b eng 
044 |a xo  |c SK 
072 7 |a 005  |x Manažment. Riadenie  |2 konspekt 
080 |a 005:[007+004]  |2 2011 
080 |a (048.8)  |2 2011 
100 1 |a Váňa, Jan  |4 aut  |9 39345 
245 1 0 |a Informačný manažment  |b (informácie - fenomén evolúcie ľudstva)  |c Jan Váňa 
250 |a 1. vyd. 
260 |a Bratislava  |b Akadémia Policajneho zboru  |c 2017 
300 |a 287 s.  |b ilustr., sch., tab.  |c 2017 
366 |e 200 výtlačkov 
504 |a Bibliografia na strane 280 -284 ; bibliografické odkazy ; poznámky ; register ; zoznam skratiek 
546 |a Anglické resumé 
650 0 7 |a informačný manažment  |2 SNKPH  |9 4990 
650 0 7 |a Information management  |2 SNKPHeng  |9 325177 
655 7 |a monografie  |2 SNKPH  |9 70139 
655 7 |a Monographs  |2 SNKPHeng  |9 120675 
852 |a Štátna vedecká knižnica v Banskej Bystrici 
919 |a 978-80-8054-737-0 
958 |a NB 
999 |c 1111596  |d 1113526 
952 |a SNK  |b SNK  |y VYP  |7 0  |p 17A1320199  |o snkSC 178090 D1  |i snk2018/3553  |8 0  |0 0  |1 0  |4 0  |d 2018-02-07  |l 0  |r 2026-02-24 18:03:29  |w 2026-02-24 
952 |a SNK  |b SNK  |y PREZ  |7 0  |p 17A1320200  |o snkSC 178090  |i snk2018/3550  |8 0  |0 0  |1 0  |4 0  |d 2018-02-07  |f 1  |l 0  |r 2025-09-19 00:00:00  |w 2026-02-24